000 01114nam a2200265Ia 4500
001 996-BUC pe vi (19066)
003 IT-MiSPE
008 171229s9999||||xx |||||||||||||| ||und||
040 _aIT-MiSPE
_cIT-MiSPE
041 _aITALIANO
100 _aPeter Buck
240 _aVikings of Sunrise
245 0 _aI Vichinghi d'Oriente
_bLe migrazioni dei Polinesiani
250 _a1a ed. (v)
260 _aMilano
_bFeltrinelli
_c1961
300 _a332 p.
_c18 cm
490 _aUniersale economica
_v370
500 _aPolinesia
501 _aEdizioni San Paolo srl - Piazza Soncino, 5 - 20092 CINISELLO BALSAMO (MI) (non commercial uses only) ® Copyright 2018
520 _aTav., cart. geo.
700 _aElena Spagnol Vaccari
_g(traduzione)
942 _cBK
957 _71
999 _a5472
_bNO
_g Copie: 1
_c357716
_d357716